| 000 | 00550nam a2200193Ia 4500 | ||
|---|---|---|---|
| 005 | 20250508154627.0 | ||
| 008 | 008 250505s9999 xx 000 0 eng d | ||
| 037 | _aTextBook | ||
| 040 |
_aFEDL _beng _cFEDL |
||
| 041 |
_aeng _2eng |
||
| 084 |
_a155.4, BER _qFEDL |
||
| 100 | _aBernard Harold W | ||
| 245 | 0 | _aHuman development in western culture | |
| 260 |
_aBoston, USA _bAllyn and Bacon _c1962 |
||
| 300 | _axii,445p | ||
| 650 |
_aChild Psychology; Personality _9759626 |
||
| 942 |
_cTB _h155.4, BER |
||
| 999 |
_c1351289 _d1351289 |
||